000 00537nam a2200181Ia 4500
999 _c34851
_d34851
003 OSt
005 20200131150453.0
008 190216s9999||||xx |||||||||||||| ||und||
020 _a0043820441
040 _coclc
082 _a337
_bSPE/P
100 _aSpero, Joan Edelman
_91710
245 0 _aThe Politics Of International Economic Relations /
_cJoan Edelman Spero
260 _bUnwin Hyman Ltd,
_c1985.
_aSydney:
300 _a447p
650 _aPolitical Science
942 _cBK
_2ddc
_h337
_iSPE/P
_k337
_mSPE/P